000 00888nam a2200217Ia 4500
999 _c44470
_d44470
001 11240
003 GE_BSU
005 20260427163906.0
008 181216s2010||||ge |||||||||||||| ||geo||
040 _cGE_BSU
041 _ageo
080 _a630(075.8) კ-22
100 _aკანდელაკი, თეიმურაზ
_9829
245 _aსატყეო მარკეტინგი :
_b[სახელმძღვ. სატყეო სპეც. სტუდ.] /
_cთეიმურაზ კანდელაკი; [რედ. გივი ჯაფარიძე].
264 _aთბ.,
_c2010.
300 _a283 გვ. :
_bცხრ., ნახ. ;
_c20 სმ.
541 _h10ლ.
653 _aსატყეო მარკეტინგი
700 _aჯაფარიძე, გივი
_eრედაქტორი
_927385
942 _cBK
_2udc